000 01234nam2a22002411 4500
001 rc\139605
005 20250621061015.0
010 _a5-87688-043-4
035 _a(NLR Aleph) 005613206
090 _a6433208
_c6433208
100 _a20030307d1996 |||y0rusy50 ca
101 0 _arus
102 _aRU
105 _aa |||||||||
200 0 _aТ. 1
215 _a477 с.
_cил.
320 _aБиблиогр.: с. 465 (12 назв.)
461 0 _1001rc\139604
_12001#$aМы повторяем физику$eРепетитор для учащихся 9, 10, 11-х кл. шк., гимназий, лицеев, колледжей, училищ, подгот. курсов, абитуриентов и студентов$e[В 2 т.]$vТ. 1
_1700#1$aКасаткина$bИ.Л.
_96433202
_aКасаткина, И.Л.
_cРостов н/Д
_d1996
_nФеникс
_oРепетитор для учащихся 9, 10, 11-х кл. шк., гимназий, лицеев, колледжей, училищ, подгот. курсов, абитуриентов и студентов : [В 2 т.]
_tМы повторяем физику
_vТ. 1
801 0 _aRU
_bNLR
_gpsbo
801 1 _aRU
_bELAR
_2rusmarc
852 _aNLR
_j97-3/2090
942 _cBOOK
980 _aNB